000 00225 a2200109 4500
020 _a9789707101906
041 _aspa
100 _aMaria de Lourdes Victoria MUNGUIRA
245 _aLes Dejo el Mar
942 _cBK
952 _71
999 _c23658
_d23658